1380 1269 1196 1533 1311 1970 1833 1043 1878 1170 1748 1337 1543 1640 1734 1741 1444 1275 1414 1229 1799 1275 1881 1214 1966 1831 1248 1311 1187 1653 1408 1034 1403 1491 1117 1543 1921 1548 1137 1559 1146 1816 1558 1184 1078 1665 1230 1338 1009 1451 1550 1043 1812 1271 1353 1051 1219 1893 1994 1522 1915 1559 1887 1779 1726 1022 1223 1746 1657 1985 1847 1508 1903 1844 1479 1969 1553 1538 1423 1336 1546 1424 1424 1805 1186 1090 1825 1099 2000 1623 1309 1872 1118 1302 1726 1689 1997 1042 1282 BCNSPRNW ULIB Ver.6.0+V

เปลี่ยนเป็นภาษาไทย

Change to English
 แสดงรายละเอียดบรรณานุกรม
  กลับหน้าหลัก

Brief Record : Get Marc (ISO 2709) : E-mail record : QR code < ปิดหน้าต่าง
LEADER : 00000nam 2200000uu 4500
001    13399109436
003     ULIB
008    110401s2542||||th 000 0 tha d
020    9742990409
060 04 WX150^bอ223f 2542
100 0  อนุวัฒน์ ศุภชุติกุล
245 10 Facilitator กับการเพิ่มประสิทธิภาพของทีม /^cโดย อนุวัฒน์ศุภชุติกุล
260    นนทบุรี :^bสถาบันพัฒนาและรับรองคุณภาพโรงพยาบาล,^c2542
300    (6), 106 หน้า ;^c24 ซม.
440  0 การพัฒนาคุณภาพบริการโรงพยาบาล
650  0 Hospitals accreditation
650  2 Health Care Surveys
650  2 Hospital Administration
650  7 การบริหารโรงพยาบาล
650  7 บริการสุขภาพ, การวิจัย
650  7 โรงพยาบาล^xการประกันคุณภาพ
710 2  สถาบันพัฒนาและรับรองคุณภาพโรงพยาบาล
945    ^p180^l0^i014413
945    ^p180^l0^i014412
945    ^p180^l0^i014411
995    เกษร
999 ^a ใช้งานได้ทุกระบบ
รายการนี้ยังไม่มีแท็ก
คุณยังไม่ได้ล็อกอิน คุณสามารถมีกิจกรรมร่วมกับเว็บไซต์ได้ แต่ต้องล็อกอินก่อน ::
  ล็อกอิน

รายการสื่อสารสนเทศ

ลำดับที่ ประเภท เลขเรียก/บาร์โค้ด สถานที่ สถานะ
- ไม่พบข้อมูล -

รายการใกล้เคียง
    ผู้แต่ง [อนุวัฒน์ ศุภชุติกุล]

    หัวเรื่อง [Hospitals accreditation]
    หัวเรื่อง [Hospital Administration]
    หัวเรื่อง [การบริหารโรงพยาบาล]
    หัวเรื่อง [บริการสุขภาพ, การวิจัย]

BibComment


ยังไม่เคยถูกคอมเมนท์

คอมเมนท์ทรัพยากรรายการนี้
  คอมเมนท์: Facilitator กับกา..


 Copyright 2026. Bcnsprnw @Library